Marxismus für Manager : [Kritik e. Utopie]

Tallennettuna:
Bibliografiset tiedot
Päätekijä: Lay, Rupert
Aineistotyyppi: Kirja
Kieli:Undetermined
Julkaistu: München Wirtschaftsverlag Langen-Müller-Herbig 1975
Aiheet:
Tagit: Lisää tagi
Ei tageja, Lisää ensimmäinen tagi!
Thư viện lưu trữ: Trung tâm Học liệu Trường Đại học Cần Thơ
LEADER 00530nam a2200193Ia 4500
001 CTU_96751
008 210402s9999 xx 000 0 und d
082 |a 335.43 
082 |b L326 
100 |a Lay, Rupert 
245 0 |a Marxismus für Manager : 
245 0 |b [Kritik e. Utopie] 
245 0 |c Rupert Lay 
260 |a München 
260 |b Wirtschaftsverlag Langen-Müller-Herbig 
260 |c 1975 
650 |a Communism,Marxian economics 
904 |i Năm 
980 |a Trung tâm Học liệu Trường Đại học Cần Thơ